| 000 | 00549cas a22001935 4500 | ||
|---|---|---|---|
| 001 | L138562 | ||
| 008 | 070621d19031969xxkmr p 0 a0eng u | ||
| 035 | _a(Sirsi) u138562 | ||
| 041 | 0 | _aeng | |
| 110 | 2 |
_aProperty Owners' Protection Association _95228 |
|
| 245 | 0 | 4 | _aThe Property Owners' Journal |
| 260 |
_aLondon _bProperty Owners' Protection Association _c1903 |
||
| 362 | 0 | _a(694) December 1964-(749) December 1969 | |
| 554 | _a12 per year | ||
| 651 | 4 |
_aEngland _y886- |
|
| 690 | _aPROPERTY | ||
| 785 | 0 | 0 | _tProperty Journal |
| 942 | _n0 | ||
| 999 |
_c118994 _d118994 |
||